000 00654nam a22002297a 4500
001 BR9510787
003 BR-BrBNA
005 20230928094834.0
007 ta
008 230509b bl.||||| |||| 00| 0 por d
040 _aBR-BrBNA
_bpor
_cBiblioteca Nacional de Agricultura
041 _a(Eng, Por)
072 _aQ60
090 _ Q60 BR9510787
110 1 _aConfederacao Nacional da Industria, Rio de Janeiro, RJ (Brasil)
245 1 _aGlossario textil e de confeccao. Ingles-Portugues
260 3 _aRio de Janeiro, RJ (Brasil):
_c1986.
300 _a310 p.
650 _aIndustria Textil
909 _a202309
_bLucia
_c55
_dLucia Elande
942 _cBK
999 _c52945
_d52945